Pacific Crest Trail Trivia - Statistics

General Stats
  • This quiz has been taken 19 times
  • The average score is 13 of 30
Answer Stats
Hint Answer % Correct
States which the PCT passes through California
93%
States which the PCT passes through Oregon
93%
States which the PCT passes through Washington
93%
The highest mountain in the contiguous United States, accessible from Crabtree Meadows Mount Whitney
87%
This famous trail joins the PCT for ~160 miles in Central California John Muir Trail
73%
Abbreviated prefix for a hiker or rider who completes the trail in a single season Thru-
73%
American town closest to the Southern Terminus Campo
60%
The two main mountain ranges of the PCT Sierra Nevada
60%
Hiker terminology for often-random acts of kindness from others, both on and off trail Trail Magic
60%
National Parks the PCT enters Yosemite
60%
Iconic bridge which spans the Columbia River at the Oregon-Washington border Bridge of the Gods
53%
The notorious shadeless section between Hikertown and Tehachapi follows this important piece of infrastructure L.A. Aquaduct
53%
The two main mountain ranges of the PCT Cascade Range
47%
1980 Stanley Kubrick film which used Timberline Lodge as the hotel backdrop The Shining
47%
2012 Cheryl Strayed memoir and subsequent 2014 film adaption starring Reese Witherspoon Wild
47%
National Parks the PCT enters Crater Lake
40%
National Parks the PCT enters Mount Rainier
40%
National Parks the PCT enters Sequoia
40%
Mode of transport which can be taken to access Vermillion Valley Resort Ferry
33%
Canadian park bordering the USA at the Northern Terminus E. C. Manning Provincial Park
27%
Highest point on the PCT ~(4009 m/13153 ft) Forester Pass
27%
Northbound hikers completing the 'Victory Lap' tag the Canadian border, then hike south 30 miles to the first road, located at this pass Harts Pass
27%
National Parks the PCT enters Kings Canyon
20%
National Parks the PCT enters Lassen Volcanic
20%
National Parks the PCT enters North Cascades
20%
Lowest point on the PCT ~(34 m/110 ft) Cascade Locks
13%
Hot springs location at mile ~308, frequented by Los Angeles tourists Deep Creek
13%
Wilderness area in the Klamath Mountains which shares its name with a nation Russian Wilderness
13%
Eagle Creek Trail, a popular PCT alternate, passes under this aquatic landmark Tunnel Falls
7%
On the side of Mount Baden-Powell, this alliteratively-named tree is believed to be the oldest in California Wally Waldron Tree
7%
No matching quizzes found
Score Distribution
Percent of People with Each Score
Percentile by Number Answered
Your Score History
You have not taken this quiz